Missing Word: 'B' Literature Quiz Stats

 Plays Quiz Updated Nov 11, 2012

Support Sporcle.
Go Orange.
Score 0/20 Timer 03:00
0 Plays Today
Book Title Answer % Correct
________ New WorldBrave
93.9%
________ Jones's DiaryBridget
91.9%
The Perks of ________ a WallflowerBeing
90.8%
The Princess ________Bride
88.7%
In Cold ________Blood
85%
________ DawnBreaking
82%
Black ____Beauty
79.9%
The Hound of the ____Baskervilles
75.5%
The Lovely _________Bones
74.7%
____ of Madison CountyBridges
73.2%
Book Title Answer % Correct
_________ of ChampionsBreakfast
68%
The ________ KaramazovBrothers
64.9%
Madame ____Bovary
62.6%
The ________ JarBell
61.4%
The Secret Life of ________Bees
56.8%
____ RevisitedBrideshead
56.3%
The ________ ThiefBook
53%
The Horse and His ____Boy
50.9%
Of Human ____Bondage
43.8%
The Poisonwood ________Bible
36%

Today's Daily Dose

Word Ladder
ING Words

Get the Picture
Nearest Volcano

From the Vault

Three Movies: 'R' Actors

by aquascape

Movies 7m
'R' is just a 'P' with a kickstand.
Remove Ads.
Support Sporcle.
Get the best of Sporcle when you Go Orange. This ad-free experience offers more features, more stats, and more fun while also helping to support Sporcle. Thank you for becoming a member.

Show Comments

Extras

Top Quizzes Today


Score Distribution

Your Account Isn't Verified!

In order to create a playlist on Sporcle, you need to verify the email address you used during registration. Go to your Sporcle Settings to finish the process.

Report this User

Report this user for behavior that violates our Community Guidelines.

Details: